| 000 | 00734nam a2200217 4500 | ||
|---|---|---|---|
| 001 | 40965 | ||
| 003 | BD-RjUL | ||
| 005 | 20211209053315.0 | ||
| 008 | 160512s1968 bg ||||| |||| 00| f ben d | ||
| 035 | _a(BD-RjUL) 41081 | ||
| 040 |
_aBD-RjUL _bben _cBD-RjUL |
||
| 041 | _aben | ||
| 082 |
_223 _a891.443 _bSYA 1968 |
||
| 100 |
_aসঈদ, বাঙ্গাল আবু _9126079 |
||
| 245 | 1 | 0 |
_aঅগ্নি শপথ / _cবাঙ্গাল আবু সঈদ |
| 260 |
_aঢাকা : _bসাহিত্য প্রকাশ, _c১৯৬৮ |
||
| 300 |
_a১৬৪ পৃ. ; _c২১ সেমি. |
||
| 650 |
_aবাংলা উপন্যাস _9126080 |
||
| 650 |
_aBengali Fiction _9126081 |
||
| 942 |
_2ddc _cBK |
||
| 999 |
_c40965 _d40965 |
||